| 000 -LEADER |
| fixed length control field |
01139nam a22002777a 4500 |
| 005 - DATE AND TIME OF LATEST TRANSACTION |
| control field |
20230109153051.0 |
| 008 - FIXED-LENGTH DATA ELEMENTS--GENERAL INFORMATION |
| fixed length control field |
190815b ||||| |||| 00| 0 eng d |
| 020 ## - INTERNATIONAL STANDARD BOOK NUMBER |
| International Standard Book Number |
9781786822222 |
| 040 ## - CATALOGING SOURCE |
| Transcribing agency |
KH8 |
| 082 ## - DEWEY DECIMAL CLASSIFICATION NUMBER |
| Classification number |
822.92 ICK |
| 100 ## - MAIN ENTRY--PERSONAL NAME |
| Personal name |
Icke, Robert |
| 245 ## - TITLE STATEMENT |
| Title |
1984 : |
| Remainder of title |
a new play / |
| Statement of responsibility, etc. |
Robert Icke; Duncan Macmillan; George Orwell |
| 260 ## - PUBLICATION, DISTRIBUTION, ETC. |
| Place of publication, distribution, etc. |
London : |
| Name of publisher, distributor, etc. |
Oberon Books, |
| Date of publication, distribution, etc. |
2017. ©2017. |
| 300 ## - PHYSICAL DESCRIPTION |
| Extent |
91 pages ; 21 cm |
| 440 ## - SERIES STATEMENT/ADDED ENTRY--TITLE |
| Title |
Oberon modern plays. |
| 500 ## - GENERAL NOTE |
| General note |
Originally published in 2013; reprinted with revisions in 2014. |
| 505 ## - FORMATTED CONTENTS NOTE |
| Statement of responsibility |
by George Orwell ; created by Robert Icke and Duncan Macmillan. |
| 520 ## - SUMMARY, ETC. |
| Summary, etc. |
The classic story from George Orwell is adapted for the stage by Duncan Macmillan in this new version of 1984. The idea of the big-brother world and being constantly under surveillance is just as relevant now as when Orwell penned this classic. |
| 600 ## - SUBJECT ADDED ENTRY--PERSONAL NAME |
| Personal name |
Orwell, George |
| 650 ## - SUBJECT ADDED ENTRY--TOPICAL TERM |
| Source of heading or term |
Orwell, George |
| Topical term or geographic name entry element |
1903-1950 |
| Form subdivision |
Adaptations |
| 650 ## - SUBJECT ADDED ENTRY--TOPICAL TERM |
| Source of heading or term |
Orwell, George, |
| Topical term or geographic name entry element |
1903-1950. |
| 650 ## - SUBJECT ADDED ENTRY--TOPICAL TERM |
| Source of heading or term |
Totalitarianism |
| Topical term or geographic name entry element |
Drama |
| 650 ## - SUBJECT ADDED ENTRY--TOPICAL TERM |
| Source of heading or term |
Orwell, George, |
| Topical term or geographic name entry element |
Play |
| 700 ## - ADDED ENTRY--PERSONAL NAME |
| Personal name |
Macmillan, Duncan |
| 942 ## - ADDED ENTRY ELEMENTS (KOHA) |
| Source of classification or shelving scheme |
|
| Koha item type |
Books - Non Ficton |